000 01015cab a2200277 4500
001 X89152
008 090401t1998 xxu||||| |||| 00| 0 eng d
035 _a(Sirsi) u83557
041 _aeng
100 _aWilliamson, I.P.
245 _aCadastral reform: lessons from a small island state
260 _c1998
350 _a0
490 _aSurvey Review
_v34(267) January 1998, 311-329(19)
520 _aAn overview of the development of the Sychelles cadastre, focusing on two relatively recent reforms. The first concerned a move from general to fixed boundaries based on a national co-ordinate system, while the second concerned the introduction of title registration to replace a system of deeds registration. References.
650 _aCADASTRAL REFORM
650 _aFIXED BOUNDARIES
650 _aREFORM
650 _aSEYCHELLES
650 _aTITLE REGISTRATION
690 _aOVERSEAS-REST OF THE WORLD
700 _aAgumya, A.
700 _aSinon, R.
942 _n0
948 _c05/02/1998
999 _c52786
_d52786